000 00598nam a2200241 a 4500
001 nice12345678
003 IN_TiNIC
005 20260116011508.0
008 050524s1965 muza grp 000 0 urd
020 _a
_c2
082 0 0 _a297.2
_bKAN2
100 _aKandhilwi M, Ehteshamul Hasan
245 _aAzmat-E-Islam
260 _aMuzafar Pur U P
_bDarul Ishat Kandhilwi
_c1965
300 _a158p
500 _aincludes index and biblioraphy
505 2 _aIndex
650 _aIslam-Doctrines
700 1 _aKandhilwi M, Ehteshamul Hasan
902 _bSRS
942 _cBK
999 _c2026
_d2026